00770nam a22002057a 4500999001700000003000900017008004100026040007100067082001700138100002100155245005400176260004500230300002600275505007500301650003200376650002300408942001600431945002000447952009700467  c16316d16316AR-CdUCM190225b           ||||| |||| 00| 0 spa d  aMUNICIPALIDAD PROVINCIAL DEL CUSCOcBIBLIOTECA MUNICIPAL DEL CUSCO  a599.9 /bM83  aMorris, Desmond.  aEl mono desnudo :bUn estudio del animal humano /  aBarcelona :bPlaza & Janes, S.A.,c1974.  a204 paginas ;c18 cm.  aContenido :Orígenes -- Sexo -- Crianza -- Exploración -- Lucha ...  aHistoria del hombre.935693  aAnatomía.922588  2ddccLIBROS  arumd2019-05-03  002ddc4070aSCbSCcCARTd2019-05-03g20.00o599.9 / M83pSC0000001384r2019-05-03yLIBROS